• 首页
  • 本馆介绍
  • 公告通知
  • 最新文献
  • 馆藏检索
  • 电子资源
  • 读者导购
  • 参考咨询
  • 我的图书馆
  • 登录
  • 详细信息显示
  • 放入我的书架
  • 预约/预借图书
  • 作者相关作品
  • 分类相关作品
  • 丛书相关作品
  • 出版社相关作品

书目信息

  • 表格格式
  • 工作单格式
  • 卡片格式
题名:
20世纪中国古代文化经典在美国的传播编年
    
 
作者: 顾钧 , 陶欣尤 编著
分册:  
出版信息: 郑州   大象出版社  2017
页数: [44], 257页
开本: 25cm
丛书名: 20世纪中国古代文化经典域外传播研究书系
单 册:
中图分类: G125
科图分类:
主题词: 中华文化--zhong hua wen hua--文化传播--研究--美国--20世纪
电子资源:
ISBN: 978-7-5347-9655-5
000 01193nam 2200301 450
001 012001003708
005 20131014094707.0
010    @a978-7-5347-9655-5@dCNY58.00
099    @aCAL 012018042271
100    @a20180305d2017 em y0chiy50 ea
101 0  @achi
102    @aCN@b410000
105    @aa a 001yy
106    @ar
200 1  @a20世纪中国古代文化经典在美国的传播编年@A20 shi ji zhong guo gu dai wen hua jing dian zai mei guo de chuan bo bian nian@f顾钧, 陶欣尤编著
210    @a郑州@c大象出版社@d2017
215    @a[44], 257页@c图@d25cm
225 2  @a20世纪中国古代文化经典域外传播研究书系@A20 shi ji zhong guo gu dai wen hua jing dian yu wai chuan bo yan jiu shu xi
300    @a国家出版基金项目
320    @a有书目 (第255-257页) 和索引
330    @a本书以编年的形式来展示中国文化在美国的影响力,可以使读者对中国古代文化经典在美国的传播过程和内容有更加深入和细致的了解。
410  0 @12001 @a20世纪中国古代文化经典域外传播研究书系
606 0  @a中华文化@Azhong hua wen hua@x文化传播@x研究@y美国@z20世纪
690    @aG125@v5
701  0 @a顾钧@Agu jun@4编著
701  0 @a陶欣尤@Atao xin you@4编著
801    @b江苏凤凰@c20191020
905    @b1233704-9@dG125@e260@f6
    
    20世纪中国古代文化经典在美国的传播编年/顾钧, 陶欣尤编著.-郑州:大象出版社,2017
    [44], 257页:图;25cm.-(20世纪中国古代文化经典域外传播研究书系)
    国家出版基金项目
    
    ISBN 978-7-5347-9655-5:CNY58.00
    本书以编年的形式来展示中国文化在美国的影响力,可以使读者对中国古代文化经典在美国的传播过程和内容有更加深入和细致的了解。
●
相关链接 在E读中查询图书 在五车中查询图书 在当当中查询图书 在豆瓣中查询图书


正题名:20世纪中国古代文化经典在美国的传播编年     索取号:G125/260         预约/预借

序号 登录号 条形码 馆藏地/架位号 状态 备注
1 1233704   212337041   第一样本阅览室/ [索取号:G125/260] 在馆    
2 1233705   212337050   第四借阅区/ [索取号:G125/260] 在馆    
3 1233706   212337069   第四借阅区/ [索取号:G125/260] 在馆    
4 1233707   212337078   教育系资料室/ [索取号:G125/260] 在馆    
5 1233708   212337087   教育系资料室/ [索取号:G125/260] 在馆    
6 1233709   212337096   教育系资料室/ [索取号:G125/260] 在馆    
唐山师范学院图书馆 欢迎您!
大连网信软件有限公司© 版权所有